000 01408nam a22002777a 4500
999 _c415282
_d415282
001 127984
003 UA-OsUOA
005 20230504161351.0
007 ta
008 20171221b un ||||| |||| 00| 0 ukr d
020 _a978-611-01-0241-4
040 _aUA-OsUOA
_bukr
_cUA-OsUOA
_dUA-OsUOA
041 _aukr
080 _a811.124:61
090 _a811.124:61
_bС24
100 _aСвітлична Є. І.
245 _aЛатинська мова
_bпідручник
260 _aК.
_bЦУЛ
_c2017
300 _a440 с.
520 _aУ підручнику' наведено відомості з фармацевтичної термінології, номенклатури лікар­ських засобів, хімічних, ботанічних, фармакогностичних номенклатур, номенклатури лі­карських форм. Розділи граматики латинської мови розглянуто в обсязі, достатньому для грамотного використання спеціальної термінології на практиці.
650 7 _a8 Мовознавство. Художня література. Літературознавство
_2UDC
700 _aТолок І. О.
942 _cBK
_2udc
955 _a2